Las ideas políticas en argentina /
Guardado en:
| Autor Principal: | |
|---|---|
| Formato: | Libro |
| Publicado: |
Buenos Aires :
Fondo de cultura económica,
1975
|
| Materias: | |
| Etiquetas: |
Agregar Etiqueta
Sin Etiquetas, Sea el primero en etiquetar este registro!
|
| LEADER | 01204nam a22002295a 4500 | ||
|---|---|---|---|
| 001 | CEM.cems005584 | ||
| 008 | 130507s1975##################000#0#####d | ||
| 005 | 20241204123224.0 | ||
| 245 | 1 | 0 | |a Las ideas políticas en argentina / |c José Luis Romero |
| 260 | |a Buenos Aires : |b Fondo de cultura económica, |c 1975 | ||
| 300 | |a 306 p. | ||
| 500 | |a Para Polimodal | ||
| 505 | 0 | |a La era colonial: la época de los Austria , la época de los Borbones -- La era criolla: La línea de la democracia doctrinaria , la línea de la democracia inorgánica, el pensamiento conciliador y la organización nacional -- La era aluvial: La conformación de la Argentina aluvial, la línea del liberalismo conservador, la línea de la democracia popular, la línea del fascismo, la búsqueda de una fórmula supletoria -- Epílogo: sobre los interrogantes del ciclo inconcluso | |
| 020 | |a 9789505570096 | ||
| 100 | 1 | |a Romero, José Luis | |
| 082 | 0 | 4 | |a Z320.982 |
| 653 | |a Historia argentina | ||
| 653 | |a Política | ||
| 653 | |a Ciencias políticas | ||
| 653 | |a Historia-polimodal | ||
| 859 | |a CEMS |b BIB. CEMS - Agricultura |h 320.982 |i R664 |p A18172.95 |t Ej.1 | ||
| 859 | |a CEMS |b BIB. CEMS - 11 de abril |h 320.982 |i R664 |p 24098.07 |t Ej.2 | ||
